000 00314 a2200157 4500
001 57627
020 _a9723602911
040 _cAnchieta - Pituba
100 _aViana, José Paulo
240 1 0 _aDesafios 2
_lpor
245 1 0 _aDesafios 2
300 _a
362 0 _a1992
650 4 _aMatemática
942 _cBK
999 _c57627
_d57627